000 00886nam a2200277 a 4500
001 000042310
003 DO-SdBNP
005 20220714110248.0
007 ta
008 131122s2013 pr r 000 p spa d
020 _a9789945581089
040 _aDO-SdBNP
_bspa
_cBNPHU
082 4 _aPR861.44
_bC117r
_222
100 1 _aCabranes-Grant, Leo,
_d1960-
_969364
245 1 0 _aRetablo de perpetuos /
_cLeo Cabranes-Grant.
260 _aSan Juan, Puerto Rico :
_aSanto Domingo :
_bIsla Negra,
_c2013.
300 _a79 p. ;
_c22 cm.
490 1 _aJosemilio González
500 _aIncluye datos biográficos del autor en la solapa de la cubierta.
590 _aInventariado, 2018/BT
650 4 _aPoesía puertorriqueña
_91015
650 4 _aLiteratura puertorriqueña
_9250
830 0 _aJosemilio González
_96541
910 _aValidado. Control de calidad. MFF
942 _2ddc
_cLBS1
999 _c41799
_d41799